1459 1239 1980 1028 1306 1745 1495 1429 1506 1243 1983 1996 1929 1812 1942 1129 1224 1002 1285 1647 1402 1180 1623 1989 1555 1119 1513 1311 1943 1660 1455 1284 1157 1884 1318 1033 1923 1617 1824 1675 1839 1916 1910 1792 1350 1737 1240 1486 1308 1841 1900 1345 1088 1367 1569 1290 1837 1759 1432 1599 1002 1588 1356 1642 1443 1289 1356 1164 1598 1356 1574 1575 1852 1156 1885 1066 1089 1130 1728 1110 1254 1513 1035 1054 1210 1801 1057 1194 1709 1193 1104 1480 1915 1641 1382 1814 1151 1246 1005 BCNSPRNW ULIB Ver.6.0+V

เปลี่ยนเป็นภาษาไทย

Change to English
 แสดงรายละเอียดบรรณานุกรม
  กลับหน้าหลัก

Brief Record : Get Marc (ISO 2709) : E-mail record : QR code < ปิดหน้าต่าง
LEADER : 00000nas 2200000uu 4500
001    13399114426
003     ULIB
008    020711s|||| th a 000 0 tha d
022    ^a08591083
110    ^aสำนักงานป้องกันควบคุมโรคที่ 5 จังหวัดนครราชสีมา
245    ^aวารสารวิชาการสำนักงานป้องกันควบคุมโรคที่ 5 จังหวัดนครราชสีมา /^cสำนักงานป้องกันควบคุมโรคที่ 5 จังหวัดนครราชสีมา
260    ^aนครราชสีมา :^bสำนักงานป้องกันควบคุมโรคที่ 5 จังหวัดนครราชสีมา,^cม.ป.ป.
310    ^aรายสี่เดือน
850 ^a ULIB^bฉบับที่ 1 ปีที่ 18 ;ฉบับที่ 1 ปีที่ 19 ;ฉบับที่ 2 ปีที่ 19
850 ^a ULIB:campus^bฉบับที่ 3 ปีที่ 18 ;ฉบับที่ 2 ปีที่ 18
945    ^p0^l0^i900261
945    ^p0^l0^i800330
945    ^p0^l0^i800328
945    ^p0^l0^i901160
945    ^p0^l0^i901575
รายการนี้ยังไม่มีแท็ก
คุณยังไม่ได้ล็อกอิน คุณสามารถมีกิจกรรมร่วมกับเว็บไซต์ได้ แต่ต้องล็อกอินก่อน ::
  ล็อกอิน

รายการสื่อสารสนเทศ (วารสาร)

ดูแบบ: กล่อง รายการ
ARRIVED
ฉบับที่ 1 ปีที่ 18
สถานที่: ห้องสมุดวิทยาเขตสวรรค์ประชารักษ์ >วารสาร
ARRIVED
ฉบับที่ 2 ปีที่ 18
สถานที่: ห้องสมุดวิทยาเขตสวรรค์ประชารักษ์ >วารสาร
ARRIVED
ฉบับที่ 3 ปีที่ 18
สถานที่: ห้องสมุดวิทยาเขตสวรรค์ประชารักษ์ >วารสาร
ARRIVED
ฉบับที่ 1 ปีที่ 19
สถานที่: ห้องสมุดวิทยาเขตสวรรค์ประชารักษ์ >วารสาร
ARRIVED
ฉบับที่ 2 ปีที่ 19
สถานที่: ห้องสมุดวิทยาเขตสวรรค์ประชารักษ์ >วารสาร
รายการใกล้เคียง
    ผู้แต่ง []

BibComment


ยังไม่เคยถูกคอมเมนท์

คอมเมนท์ทรัพยากรรายการนี้
  คอมเมนท์: วารสารวิชาการสำน..


 Copyright 2026. Bcnsprnw @Library